000 00324nam a22001457a 4500
020 _a81-203-0969-3
041 _aENG
100 _aBrady .N.C
245 _aThe Nature And Properties of Soils
250 _aTenth Edition
260 _aDelhi
_bPrentice Hall of India
_c1999
300 _a621
650 _aAPE
856 _uAPE
999 _c307
_d307